[Event "BayJEM19 - U12w"]
[Site "?"]
[Date "2019.04.26"]
[Round "7.6"]
[White "Reifschneider, Milena"]
[Black "Zeisler, Sarah"]
[Result "0-1"]
[WhiteElo "961"]
[BlackElo "972"]
[PlyCount "116"]
[EventDate "2019.??.??"]
[WhiteTeam "TSV Bindlach Aktionär"]
[BlackTeam "SGem Fürth"]

1. e4 e5 2. Nf3 Nc6 3. Nc3 d6 4. h3 Nf6 5. Bc4 Be7 6. d3 O-O 7. O-O Be6 8. Bxe6
fxe6 9. Bg5 d5 10. Bxf6 Bxf6 11. Ne2 a6 12. c3 b5 13. d4 dxe4 14. Nd2 exd4 15.
cxd4 Nxd4 16. Nxe4 Nxe2+ 17. Qxe2 Be7 18. Qg4 Qc8 19. Ng3 Bf6 20. Nh5 Bxb2 21.
Rab1 Bf6 22. Nf4 Re8 23. Nh5 Be5 24. Rfe1 Bc3 25. Re3 Re7 26. Rxc3 c6 27. Nf4
Raa7 28. Re3 c5 29. Rg3 b4 30. Rc1 a5 31. Nd3 Rac7 32. Ne5 Qf8 33. Rf3 Qd8 34.
a3 Qd2 35. Rc4 Qe1+ 36. Kh2 Qxe5+ 37. Kh1 Qa1+ 38. Kh2 bxa3 39. Ra4 Qd1 40. Qf4
Rf7 41. Qe4 Rxf3 42. gxf3 Rf7 43. Qa8+ Rf8 44. Qxa5 Qxf3 45. Qe1 h6 46. Qxe6+
Kh8 47. Qe1 Qb3 48. Qa5 Qb8+ 49. Kg1 Qb1+ 50. Kg2 Qg6+ 51. Rg4 Qc6+ 52. Kg3
Qf3+ 53. Kh2 Qxf2+ 54. Rg2 Qd4 55. Qxa3 Kh7 56. Rg4 Qe5+ 57. Rg3 Rf2+ 58. Kg1
Qe1# 0-1

[Event "BayJEM19 - U12w"]
[Site "?"]
[Date "2019.04.26"]
[Round "7.7"]
[White "Köppel, Clementine"]
[Black "Leykauf, Anna"]
[Result "0-1"]
[WhiteElo "962"]
[BlackElo "1105"]
[PlyCount "118"]
[EventDate "2019.??.??"]
[WhiteTeam "ATSV Oberkotzau"]
[BlackTeam "TSV Bindlach Aktionär"]

1. e4 e5 2. Nf3 Nc6 3. d4 d6 4. d5 Nce7 5. Bg5 h6 6. Bxe7 Bxe7 7. Bb5+ Bd7 8.
Bxd7+ Qxd7 9. O-O Nf6 10. Nc3 c6 11. Qd2 O-O 12. Rad1 cxd5 13. Nxd5 Nxd5 14.
Qxd5 Rac8 15. Rc1 Rc5 16. Qb3 Re8 17. Qa3 b6 18. Qb3 Qb5 19. Qxb5 Rxb5 20. b3
Rc5 21. c4 Rcc8 22. Rfd1 Red8 23. h3 a6 24. Rb1 b5 25. cxb5 axb5 26. a4 Rb8 27.
axb5 Rxb5 28. b4 f6 29. Rd2 d5 30. exd5 Rxb4 31. Rxb4 Bxb4 32. Rd1 Kf7 33. Rb1
Bc5 34. Rd1 Ke8 35. Kf1 g5 36. Ke2 Ke7 37. Nh2 Rb8 38. Rd2 Rb3 39. Ng4 h5 40.
Nh6 Rb6 41. Kf3 Rb4 42. Nf5+ Kf8 43. d6 Ke8 44. Ng7+ Kd7 45. Nxh5 e4+ 46. Ke2
Bd4 47. Nxf6+ Bxf6 48. f3 exf3+ 49. Kxf3 Rf4+ 50. Kg3 Be5 51. Rf2 Rf6+ 52. Kg4
Rxf2 53. Kxg5 Rxg2+ 54. Kh4 Kxd6 55. Kh5 Ke7 56. h4 Rg8 57. Kh6 Kf7 58. h5 Bd4
59. Kh7 Rh8# 0-1

[Event "BayJEM19 - U12w"]
[Site "?"]
[Date "2019.04.26"]
[Round "7.8"]
[White "Neidert, Anna-Maria"]
[Black "Kohlhepp, Natalie"]
[Result "0-1"]
[WhiteElo "943"]
[BlackElo "956"]
[PlyCount "110"]
[EventDate "2019.??.??"]
[WhiteTeam "TV-Großostheim"]
[BlackTeam "Spvgg Stetten"]

1. e4 g6 2. Nf3 d6 3. Nc3 Bg7 4. Bc4 Nf6 5. d3 O-O 6. Nd5 Nxd5 7. Bxd5 e6 8.
Bc4 d5 9. exd5 exd5 10. Bb3 Re8+ 11. Kf1 Nc6 12. c4 dxc4 13. Bxc4 Be6 14. Bg5
Qd7 15. Bb5 a6 16. Bxc6 Qxc6 17. Rc1 Qd7 18. Bf4 Rac8 19. Ng5 Bf5 20. g3 Bxd3+
21. Kg2 Qd5+ 22. Qf3 Qxf3+ 23. Nxf3 Re7 24. Bg5 f6 25. Bf4 Be4 26. a4 g5 27.
Bd2 g4 28. Rhe1 Bxf3+ 29. Kf1 Rxe1+ 30. Rxe1 b5 31. axb5 axb5 32. b4 Rd8 33.
Bf4 c6 34. Bc7 Rd1 35. Rxd1 Bxd1 36. Bd6 Bf8 37. Bxf8 Kxf8 38. Ke1 Bf3 39. Kf1
Ke7 40. Kg1 Kd6 41. h3 gxh3 42. Kh2 c5 43. bxc5+ Kxc5 44. Kxh3 b4 45. g4 b3 46.
Kh4 b2 47. g5 fxg5+ 48. Kxg5 b1=Q 49. Kh6 Qf5 50. Kg7 Kd6 51. Kg8 Bd5+ 52. Kh8
Ke7 53. f4 Qxf4 54. Kxh7 Qg5 55. Kh8 Qg8# 0-1

[Event "BayJEM19 - U14w"]
[Site "?"]
[Date "2019.04.22"]
[Round "1.1"]
[White "Adelhardt, Lisa"]
[Black "Muhina, Liana"]
[Result "1-0"]
[WhiteElo "1658"]
[BlackElo "1291"]
[PlyCount "43"]
[EventDate "2019.??.??"]
[WhiteTeam "Schachtreff Röttenbach e.V."]
[BlackTeam "SC Garching 1980 e.V."]

1. e4 e5 2. Nf3 Nc6 3. Bc4 Bc5 4. c3 Nf6 5. d4 exd4 6. cxd4 Bb4+ 7. Bd2 Nxe4 8.
Bxb4 Nxb4 9. Bxf7+ Kxf7 10. Qb3+ d5 11. Ne5+ Kg8 12. Qxb4 Qg5 13. Qb3 Be6 14.
O-O Rd8 15. f4 Qh4 16. Qxb7 Rf8 17. Qc6 Qe7 18. Nc3 Nd2 19. Rf2 Ne4 20. Nxd5
Qe8 21. Re2 Qxc6 22. Ne7# 1-0

[Event "BayJEM19 - U14w"]
[Site "?"]
[Date "2019.04.22"]
[Round "1.2"]
[White "Nguyen, Anna Ha Chuc An"]
[Black "Albayrak, Nese Pinar"]
[Result "0-1"]
[WhiteElo "1260"]
[BlackElo "1624"]
[PlyCount "90"]
[EventDate "2019.??.??"]
[WhiteTeam "SC Moosburg 1956 e.V."]
[BlackTeam "Spvg Zabo-Eintracht Nürnberg e.V"]

1. d4 d5 2. c4 c6 3. Nf3 Nf6 4. Nc3 Nbd7 5. Bf4 e6 6. e3 Be7 7. Bd3 O-O 8. O-O
dxc4 9. Bxc4 b5 10. Bb3 Bb7 11. e4 b4 12. e5 bxc3 13. exf6 Bxf6 14. bxc3 Rc8
15. Rb1 c5 16. Bc2 Bxf3 17. Qxf3 Re8 18. Qd3 Nf8 19. Ba4 Re7 20. Rfd1 Ng6 21.
dxc5 Qxd3 22. Rxd3 Nxf4 23. Re3 Nd5 24. Rd3 Nxc3 25. Rb4 Nxa4 26. Rxa4 Rec7 27.
Rb3 Rxc5 28. g3 a5 29. Rba3 Be7 30. Rd3 Rd8 31. Rad4 Rxd4 32. Rxd4 g6 33. Rd7
Rc1+ 34. Kg2 Bb4 35. Rd8+ Kg7 36. Rd3 Ra1 37. Kf3 Rxa2 38. Rd4 Bc5 39. Rf4
Rxf2+ 40. Kg4 f5+ 41. Kh3 Rxf4 42. Kg2 Rf2+ 43. Kh3 h5 44. Kh4 Rxh2+ 45. Kg5
Be3# 0-1

[Event "BayJEM19 - U14w"]
[Site "?"]
[Date "2019.04.22"]
[Round "1.3"]
[White "Karlinger De la Quintana, Ainhoa"]
[Black "Gao, Yina"]
[Result "1-0"]
[WhiteElo "1495"]
[BlackElo "1228"]
[PlyCount "119"]
[EventDate "2019.??.??"]
[WhiteTeam "SC Ammersee"]
[BlackTeam "Schachfreunde Sailauf"]

1. c4 c5 2. g3 e6 3. Bg2 Nf6 4. Nc3 d5 5. cxd5 exd5 6. e3 Be6 7. Nge2 Be7 8.
O-O Nc6 9. d4 Qd7 10. dxc5 Bxc5 11. Nf4 Rd8 12. Qc2 Bf5 13. e4 dxe4 14. Nxe4
Nxe4 15. Bxe4 Bxe4 16. Qxc5 Qg4 17. f3 Bxf3 18. Qe3+ Ne7 19. Qxf3 Qxf3 20. Rxf3
Rd1+ 21. Rf1 Rxf1+ 22. Kxf1 Nf5 23. Bd2 Rg8 24. Rc1 Kd7 25. Bc3 g6 26. Kf2 Rc8
27. Bd2 Re8 28. Nd5 Re6 29. Bf4 Rc6 30. Rxc6 Kxc6 31. Ne3 Nd4 32. Nc4 f5 33.
Be3 Nb5 34. a4 Nc7 35. Bxa7 Nd5 36. Be3 Nb4 37. Na5+ Kc7 38. Ke2 Nc6 39. Nxc6
Kxc6 40. b4 Kd5 41. Kd3 h5 42. b5 Ke6 43. a5 Kd5 44. a6 bxa6 45. bxa6 Kc6 46.
a7 Kb7 47. Ke2 Ka8 48. Kf3 g5 49. h4 gxh4 50. gxh4 Kb7 51. Kf4 Ka8 52. Kxf5 Kb7
53. Kg5 Ka8 54. Kxh5 Kb7 55. Kg6 Ka8 56. h5 Kb7 57. h6 Ka8 58. h7 Kb7 59. h8=Q
Kc6 60. Qe5 1-0

[Event "BayJEM19 - U14w"]
[Site "?"]
[Date "2019.04.22"]
[Round "1.4"]
[White "Gubler, Katharina"]
[Black "Erdösi, Anna"]
[Result "1-0"]
[WhiteElo "1191"]
[BlackElo "1376"]
[PlyCount "95"]
[EventDate "2019.??.??"]
[WhiteTeam "TSV Kareth-Lappersdorf"]
[BlackTeam "TV Tegernsee"]

1. e4 c5 2. Nc3 d6 3. f4 Nc6 4. Bb5 Bd7 5. Bxc6 bxc6 6. Nf3 g6 7. O-O Bg7 8. d3
Nf6 9. Qe1 O-O 10. Qh4 d5 11. f5 dxe4 12. dxe4 Bc8 13. Bh6 Nh5 14. Bxg7 Nxg7
15. Ng5 h5 16. Rad1 Qb6 17. b3 c4+ 18. Kh1 cxb3 19. axb3 Qb4 20. Rf3 Nxf5 21.
Qf4 f6 22. Nh3 Ng7 23. Qh6 Bg4 24. Qxg6 Bxf3 25. gxf3 Qxc3 26. Qg2 Rad8 27. Rg1
Rf7 28. Nf4 Rd2 29. Qg3 Qe5 30. Qh4 Kf8 31. Ng6+ Ke8 32. Nxe5 fxe5 33. Qh3 e6
34. Rg2 Rd1+ 35. Rg1 Rd2 36. Qg3 Rxc2 37. Qxe5 Kf8 38. Qd6+ Re7 39. Rxg7 Rc1+
40. Kg2 Rc2+ 41. Kh3 Kxg7 42. Qxe7+ Kh8 43. Qxe6 c5 44. Qe5+ Kg8 45. Qxh5 a5
46. e5 c4 47. Qg6+ Kf8 48. Qxc2 1-0

[Event "BayJEM19 - U14w"]
[Site "?"]
[Date "2019.04.22"]
[Round "1.5"]
[White "Müller, Alina"]
[Black "Racky, Selina"]
[Result "1-0"]
[WhiteElo "1337"]
[BlackElo "1156"]
[PlyCount "93"]
[EventDate "2019.??.??"]
[WhiteTeam "SC Windischeschenbach"]
[BlackTeam "SK Wasserburg"]

1. d4 d5 2. Nf3 Nc6 3. e3 Bg4 4. c4 Nf6 5. Nc3 e6 6. Be2 Be7 7. O-O O-O 8. cxd5
exd5 9. h3 Bh5 10. a3 a5 11. Qc2 Qd7 12. Ne5 Nxe5 13. dxe5 Bg6 14. Qb3 Ne4 15.
Qxd5 Qxd5 16. Nxd5 Bd8 17. Rd1 c6 18. Nf4 Bc7 19. Nxg6 fxg6 20. f4 Bb6 21. Kh2
g5 22. Bf3 Nc5 23. Be2 Nb3 24. Bc4+ Kh8 25. Bxb3 gxf4 26. exf4 Bf2 27. g3 c5
28. Rd7 b5 29. Bd2 Bd4 30. Bc3 a4 31. Be6 Bxc3 32. bxc3 Rad8 33. Rad1 Rb8 34.
Rc7 b4 35. Rdd7 Rfe8 36. Bd5 Rbd8 37. cxb4 cxb4 38. axb4 a3 39. Ba2 h6 40. h4
Rxd7 41. Rxd7 Rc8 42. Kh3 Rc2 43. Bb1 Rc8 44. e6 Kg8 45. e7 Re8 46. Ba2+ Kh7
47. Bf7 1-0

[Event "BayJEM19 - U14w"]
[Site "?"]
[Date "2019.04.22"]
[Round "1.6"]
[White "Frowein, Katja"]
[Black "Alferova, Emily"]
[Result "1/2-1/2"]
[WhiteElo "1129"]
[BlackElo "1328"]
[PlyCount "62"]
[EventDate "2019.??.??"]
[WhiteTeam "SC Garching 1980 e.V."]
[BlackTeam "SAbt TuS Fürstenfeldbruck"]

1. e4 e5 2. Nf3 Nc6 3. d4 exd4 4. Nxd4 g6 5. Nxc6 bxc6 6. Nc3 Bg7 7. Bd3 Nf6 8.
O-O O-O 9. Bg5 h6 10. Be3 d5 11. Bc5 Re8 12. exd5 cxd5 13. Bb5 Bd7 14. Bxd7
Qxd7 15. Bd4 c6 16. Qd2 Qd6 17. Bxf6 Qxf6 18. Rfe1 Rxe1+ 19. Rxe1 Rb8 20. Na4
Qd6 21. g3 g5 22. Qa5 Qf8 23. b3 Bd4 24. Qa6 Qb4 25. Qe2 Qb5 26. Qe7 Kg7 27. c3
Bf6 28. Qxa7 Rb7 29. Qe3 Qa5 30. Rc1 Re7 31. Qd3 Qa7 1/2-1/2

[Event "BayJEM19 - U14w"]
[Site "?"]
[Date "2019.04.22"]
[Round "1.7"]
[White "Reifschneider, Melissa"]
[Black "Albayrak, Melissa"]
[Result "1-0"]
[WhiteElo "1325"]
[BlackElo "1111"]
[PlyCount "81"]
[EventDate "2019.??.??"]
[WhiteTeam "TSV Bindlach Aktionär"]
[BlackTeam "Spvg Zabo-Eintracht Nürnberg e.V"]

1. d4 d5 2. c4 c6 3. Bf4 Nf6 4. e3 Bf5 5. Nc3 e6 6. c5 h6 7. Bd3 Bxd3 8. Qxd3
Be7 9. Nf3 Nbd7 10. Ne5 Nh5 11. Qe2 Nxf4 12. exf4 Bf6 13. b4 b5 14. Nxc6 Qc7
15. Ne5 Bxe5 16. fxe5 a6 17. O-O O-O 18. a4 Rab8 19. axb5 axb5 20. Nxb5 Qb7 21.
Ra5 Ra8 22. Rxa8 Rxa8 23. Rc1 Ra6 24. Nd6 Qa8 25. g3 Nb8 26. b5 Ra2 27. Qf3 Qa7
28. b6 Qd7 29. b7 Rb2 30. Qc3 Ra2 31. c6 Nxc6 32. Qxc6 Qxc6 33. Rxc6 Ra1+ 34.
Kg2 Rb1 35. Rc8+ Kh7 36. b8=Q Rxb8 37. Rxb8 f6 38. h4 fxe5 39. dxe5 d4 40. Rd8
d3 41. Ne4 1-0

[Event "BayJEM19 - U14w"]
[Site "?"]
[Date "2019.04.22"]
[Round "1.8"]
[White "Röll, Lea"]
[Black "Krause, Ricarda Sophie"]
[Result "1-0"]
[WhiteElo "1063"]
[BlackElo "1301"]
[PlyCount "75"]
[EventDate "2019.??.??"]
[WhiteTeam "Schach-Club Vaterstetten-Grasbru"]
[BlackTeam "SC Erlangen 48/88"]

1. d4 d5 2. e3 Bf5 3. c4 e6 4. Nc3 Nf6 5. Bd2 c5 6. cxd5 exd5 7. Qb3 b6 8. Bb5+
Bd7 9. Nxd5 Nxd5 10. Qxd5 Bxb5 11. Qxa8 Bc6 12. Qxa7 Bxg2 13. dxc5 Bxc5 14.
Qa4+ Qd7 15. Qf4 Bd6 16. Qg5 Bxh1 17. f3 g6 18. Bc3 Rg8 19. Kf2 Bxh2 20. Ne2
Bxf3 21. Kxf3 Qh3+ 22. Kf2 Nd7 23. Rd1 f6 24. Qd5 Qh4+ 25. Kf1 Qg4 26. Qxg8+
Nf8 27. Ke1 Qf3 28. Bb4 Bg3+ 29. Kd2 Qe4 30. Qxf8+ Kd7 31. Kc3+ Kc7 32. Qd8+
Kb7 33. Rd7+ Ka6 34. Qc8+ Kb5 35. Nd4+ Qxd4+ 36. Rxd4 Be5 37. Qc4+ Ka4 38. b3#
1-0

[Event "BayJEM19 - U14w"]
[Site "?"]
[Date "2019.04.22"]
[Round "1.9"]
[White "Sargsyan, Arusyak"]
[Black "Wahl, Svenja"]
[Result "1-0"]
[WhiteElo "1301"]
[BlackElo "899"]
[PlyCount "125"]
[EventDate "2019.??.??"]
[WhiteTeam "SC Schwarz-Weiß Nürnberg Süd e.V"]
[BlackTeam "Aschaffenburg- Schweinheim e.V."]

1. e4 e5 2. Nf3 Nc6 3. Bb5 Nge7 4. Nc3 a6 5. Bc4 d6 6. h3 Be6 7. Bb3 Nc8 8. d3
Be7 9. d4 exd4 10. Nxd4 Nxd4 11. Qxd4 Bf6 12. Qd3 O-O 13. O-O Nb6 14. Rb1 c6
15. Rd1 d5 16. exd5 cxd5 17. Be3 d4 18. Bxd4 Bxd4 19. Qxd4 Qxd4 20. Rxd4 Rfd8
21. Rbd1 Rd7 22. Bxe6 Rxd4 23. Bxf7+ Kxf7 24. Rxd4 Ke6 25. Rb4 Nd7 26. Rxb7 Rb8
27. Rxb8 Nxb8 28. Ne4 Kf5 29. f3 Nc6 30. c3 Ne5 31. b4 h6 32. Nc5 a5 33. bxa5
Nc6 34. Nb7 Ke6 35. a6 Kd7 36. Kf2 Kc7 37. Ke3 Kb6 38. Nd6 Ne7 39. Ke4 g6 40.
g4 Kxa6 41. Nf7 Ng8 42. Kd5 Kb5 43. c4+ Kb4 44. c5 Ne7+ 45. Kd6 Nc8+ 46. Kc7
Ne7 47. c6 Kc5 48. Ne5 Nd5+ 49. Kb7 Kd6 50. Nxg6 Kc5 51. c7 Kd6 52. c8=Q Ne7
53. Nxe7 Kxe7 54. Qc6 Kf7 55. Qd6 Kg7 56. Qe6 Kh7 57. Qf6 Kg8 58. Kc7 Kh7 59.
Kd7 h5 60. Ke7 Kg8 61. Qg6+ Kh8 62. Kf7 hxg4 63. Qg7# 1-0

[Event "BayJEM19 - U14w"]
[Site "?"]
[Date "2019.04.23"]
[Round "2.1"]
[White "Reifschneider, Melissa"]
[Black "Adelhardt, Lisa"]
[Result "1/2-1/2"]
[WhiteElo "1325"]
[BlackElo "1658"]
[PlyCount "175"]
[EventDate "2019.??.??"]
[WhiteTeam "TSV Bindlach Aktionär"]
[BlackTeam "Schachtreff Röttenbach e.V."]

1. d4 Nf6 2. c4 e6 3. Nc3 b6 4. e4 Bb7 5. Bd3 Bb4 6. Bg5 h6 7. Bxf6 Qxf6 8. Nf3
Bxc3+ 9. bxc3 d6 10. Qa4+ Bc6 11. Qb3 O-O 12. d5 Bb7 13. O-O Na6 14. Qc2 e5 15.
a4 Nc5 16. a5 Rfb8 17. axb6 axb6 18. Nd2 Bc8 19. Nb3 Nxb3 20. Qxb3 Bd7 21. Ra3
Qg5 22. Rfa1 Rxa3 23. Qxa3 Bh3 24. Bf1 Bg4 25. Qa7 Rc8 26. Qa3 f5 27. exf5 Bxf5
28. Qc1 Qxc1 29. Rxc1 Ra8 30. h3 Kf7 31. g4 Be4 32. Re1 Bc2 33. Re3 Ra1 34.
Rf3+ Ke7 35. Rg3 Bb3 36. Kg2 b5 37. Bd3 Bxc4 38. Bxc4 bxc4 39. g5 h5 40. Rf3
Rd1 41. g6 Rxd5 42. Rf7+ Ke6 43. Rxc7 Kf6 44. Rxc4 Kxg6 45. Kf1 Kf5 46. Ke2 g5
47. f3 Ra5 48. h4 d5 49. Rc8 gxh4 50. Rf8+ Kg6 51. Rg8+ Kf7 52. Rg5 Kf6 53.
Rxh5 Ra4 54. Ke3 Rc4 55. Kd2 d4 56. Kd3 Rxc3+ 57. Ke2 Re3+ 58. Kf2 Kg6 59. Rxh4
Kg5 60. Rg4+ Kh5 61. Rg3 Ra3 62. Ke2 Rb3 63. Rg8 Ra3 64. Rg7 Re3+ 65. Kf2 e4
66. f4 Rf3+ 67. Ke2 Rxf4 68. Rd7 d3+ 69. Ke3 Rg4 70. Rd4 Kg5 71. Rd5+ Kf6 72.
Rc5 Ke6 73. Rb5 Kd6 74. Ra5 Ke6 75. Rb5 Kf6 76. Rc5 Kg6 77. Rd5 Kh6 78. Re5 Kg6
79. Rd5 Kf6 80. Rc5 Ke6 81. Rb5 Rg3+ 82. Kxe4 d2 83. Rb1 Ra3 84. Rd1 Ra4+ 85.
Kd3 Kd5 86. Rxd2 Ra3+ 87. Ke2+ Ke4 88. Kf2 1/2-1/2

[Event "BayJEM19 - U14w"]
[Site "?"]
[Date "2019.04.23"]
[Round "2.2"]
[White "Albayrak, Nese Pinar"]
[Black "Sargsyan, Arusyak"]
[Result "1/2-1/2"]
[WhiteElo "1624"]
[BlackElo "1301"]
[PlyCount "167"]
[EventDate "2019.??.??"]
[WhiteTeam "Spvg Zabo-Eintracht Nürnberg e.V"]
[BlackTeam "SC Schwarz-Weiß Nürnberg Süd e.V"]

1. e4 e5 2. Nf3 Nc6 3. Bb5 Bc5 4. O-O a6 5. Bxc6 dxc6 6. Nxe5 Qf6 7. d4 Bd6 8.
f4 Bxe5 9. fxe5 Qg6 10. Nc3 Ne7 11. Qd2 O-O 12. Qg5 Re8 13. Qxg6 Nxg6 14. Bf4
Re7 15. Rae1 h6 16. Bg3 Bd7 17. Nd1 Rae8 18. Ne3 Be6 19. d5 cxd5 20. exd5 Bc8
21. Nf5 Rd7 22. c4 b5 23. b3 bxc4 24. bxc4 Rdd8 25. Nd4 Rf8 26. Nc6 Rd7 27. e6
fxe6 28. Rxf8+ Kxf8 29. Rxe6 Rf7 30. Rxg6 Bf5 31. Ne5 Bxg6 32. Nxf7 Kxf7 33.
Bxc7 Bb1 34. d6 Ke8 35. a3 Bd3 36. c5 Bb5 37. Kf2 Kd7 38. Ke3 Bc6 39. g3 Ke6
40. Ba5 Kd5 41. Bb4 g6 42. h4 h5 43. Kf4 Ke6 44. g4 hxg4 45. Kxg4 Kf7 46. Kg5
Bd7 47. h5 gxh5 48. Kxh5 Ke6 49. Kg6 Bb5 50. Kg7 Kd7 51. Kf7 Bc6 52. Kf6 Ba4
53. Ke5 Bc6 54. Kd4 Bb5 55. Bd2 Kc6 56. Be3 Kb7 57. Kc3 Bd7 58. Kd4 Bc6 59. Ke5
Kc8 60. Bg5 Kd7 61. Kd4 Bb5 62. Kd5 Bc6+ 63. Kc4 Kc8 64. Kb4 Kb7 65. Ka5 Bb5
66. Bd8 Bd7 67. Bc7 Bb5 68. Kb4 Bd7 69. Kc4 Bb5+ 70. Kd5 Bc6+ 71. Ke6 Kc8 72.
Bb6 Bd7+ 73. Ke7 Bc6 74. d7+ Bxd7 75. Kd6 Ba4 76. c6 Bb5 77. Ba7 Ba4 78. c7 Bb5
79. Bb8 Bf1 80. a4 Be2 81. Kc6 Bf1 82. Kb6 Be2 83. Kc5 Bf1 84. Kb4 1/2-1/2

[Event "BayJEM19 - U14w"]
[Site "?"]
[Date "2019.04.23"]
[Round "2.3"]
[White "Gubler, Katharina"]
[Black "Karlinger De la Quintana, Ainhoa"]
[Result "1-0"]
[WhiteElo "1191"]
[BlackElo "1495"]
[PlyCount "119"]
[EventDate "2019.??.??"]
[WhiteTeam "TSV Kareth-Lappersdorf"]
[BlackTeam "SC Ammersee"]

1. e4 e6 2. d3 d5 3. Nd2 Nf6 4. Qe2 Be7 5. g3 O-O 6. Bg2 c5 7. e5 Nfd7 8. Ngf3
Nc6 9. O-O Qc7 10. Re1 b6 11. Nf1 Ba6 12. Bf4 Rac8 13. Rac1 Rfd8 14. h4 Nf8 15.
Ng5 h6 16. Nh3 Ng6 17. Nh2 c4 18. Qe3 Bc5 19. Qe2 Bd4 20. Nf3 Bxb2 21. Rcd1
Nxf4 22. gxf4 Bc3 23. Rf1 Nd4 24. Nxd4 Bxd4 25. Kh1 cxd3 26. cxd3 Qc2 27. Rd2
Qa4 28. Rg1 Rc3 29. Bf1 f5 30. exf6 Bxf6 31. Qxe6+ Kf8 32. Rg3 Bc8 33. Qe1 Bxh4
34. Re3 Bxh3 35. Bxh3 Qxf4 36. Rde2 Qf7 37. Qxc3 d4 38. Qb4+ Kg8 39. Re4 Qf3+
40. Bg2 Qxd3 41. Qb3+ Qxb3 42. axb3 Bf6 43. Re8+ Rxe8 44. Rxe8+ Kf7 45. Ra8 a5
46. Rb8 d3 47. Rxb6 d2 48. Rd6 Bc3 49. Bf3 Ke7 50. Rd3 Bb4 51. Rd5 Ke6 52. Kg2
g5 53. Kg3 Kf6 54. Kg4 Ke6 55. Kh5 Bc3 56. Kxh6 g4 57. Be4 Bb4 58. Kg5 Bc3 59.
Kxg4 Bb4 60. f4 1-0

[Event "BayJEM19 - U14w"]
[Site "?"]
[Date "2019.04.23"]
[Round "2.4"]
[White "Röll, Lea"]
[Black "Müller, Alina"]
[Result "0-1"]
[WhiteElo "1063"]
[BlackElo "1337"]
[PlyCount "104"]
[EventDate "2019.??.??"]
[WhiteTeam "Schach-Club Vaterstetten-Grasbru"]
[BlackTeam "SC Windischeschenbach"]

1. d4 d5 2. e3 Nf6 3. c4 e6 4. Nc3 c6 5. Nf3 a6 6. Bd2 Nbd7 7. Bd3 dxc4 8. Bxc4
b5 9. Bd3 c5 10. dxc5 Bxc5 11. Qc2 Bb7 12. Ne4 Rc8 13. Qd1 Nxe4 14. Bxe4 Bxe4
15. Bc3 Nf6 16. Qe2 O-O 17. O-O Bd3 18. Qe1 Bxf1 19. Qxf1 Qe7 20. a3 Nd5 21.
Be5 Bd6 22. Bxd6 Qxd6 23. Rd1 Qe7 24. e4 Nf6 25. Qe1 Qc5 26. h3 Rfd8 27. Rxd8+
Rxd8 28. e5 Qc2 29. Qa5 Qd1+ 30. Kh2 Ne4 31. Qxa6 h6 32. Qxb5 Nxf2 33. Qb6 Ne4
34. b4 Rc8 35. Qb7 Qc2 36. Nd4 Qc3 37. Qxe4 Rc4 38. Qa8+ Kh7 39. Nb5 Qd2 40.
Qf3 Qf4+ 41. Qxf4 Rxf4 42. g3 Rf2+ 43. Kg1 Ra2 44. Kf1 Kg6 45. Ke1 Kf5 46. Kd1
Kxe5 47. Kc1 Kd5 48. Kb1 Rh2 49. a4 Kc4 50. Nc3 Kxc3 51. b5 Kb3 52. b6 Rh1# 0-1

[Event "BayJEM19 - U14w"]
[Site "?"]
[Date "2019.04.23"]
[Round "2.5"]
[White "Alferova, Emily"]
[Black "Erdösi, Anna"]
[Result "1-0"]
[WhiteElo "1328"]
[BlackElo "1376"]
[PlyCount "89"]
[EventDate "2019.??.??"]
[WhiteTeam "SAbt TuS Fürstenfeldbruck"]
[BlackTeam "TV Tegernsee"]

1. e4 c5 2. d4 cxd4 3. c3 Nc6 4. Nf3 Nf6 5. e5 Nd5 6. cxd4 d6 7. Bc4 Nb6 8. Bb5
a6 9. Bxc6+ bxc6 10. O-O Bg4 11. Qb3 Bxf3 12. Qxf3 Qd7 13. Rd1 d5 14. Nd2 e6
15. Qg3 g6 16. Nb3 Rb8 17. Bg5 Na4 18. Rab1 Be7 19. Bh6 c5 20. dxc5 Nxc5 21.
Nxc5 Bxc5 22. Bg7 Rg8 23. Bf6 Qa4 24. Qc3 Rc8 25. Kh1 Qxa2 26. b4 d4 27. Qc1
Qd5 28. bxc5 g5 29. Qb2 Kd7 30. Rxd4 a5 31. Rxd5+ exd5 32. Qb7+ Ke6 33. Qe7+
Kf5 34. Rb7 Rgf8 35. Bg7 Rce8 36. Qf6+ Ke4 37. Qf3+ Kd4 38. Qe3+ Kc4 39. e6 f6
40. Bxf8 Rxf8 41. e7 Re8 42. Qe2+ Kd4 43. Qb2+ Kc4 44. Qb5+ Kd4 45. Qxe8 1-0

[Event "BayJEM19 - U14w"]
[Site "?"]
[Date "2019.04.23"]
[Round "2.6"]
[White "Krause, Ricarda Sophie"]
[Black "Frowein, Katja"]
[Result "1-0"]
[WhiteElo "1301"]
[BlackElo "1129"]
[PlyCount "109"]
[EventDate "2019.??.??"]
[WhiteTeam "SC Erlangen 48/88"]
[BlackTeam "SC Garching 1980 e.V."]

1. e4 c5 2. Nf3 d6 3. d4 cxd4 4. Nxd4 Nf6 5. Nc3 g6 6. Be3 Bg7 7. Qd2 Ng4 8.
Bg5 O-O 9. h3 Nf6 10. Bh6 Nc6 11. Bxg7 Kxg7 12. Rd1 Qb6 13. b3 Bd7 14. Bb5 Nxd4
15. Bxd7 a6 16. Qxd4 Qxd4 17. Rxd4 Nxd7 18. Nd5 Rfe8 19. Nc7 e6 20. Nxa8 Rxa8
21. Rxd6 Nc5 22. e5 Ne4 23. Rd4 Nc3 24. a4 Rc8 25. Rd2 Ne4 26. Re2 Nc3 27. Re3
Nd5 28. Rd3 Rxc2 29. O-O Nf4 30. Rd7 b5 31. axb5 axb5 32. Rb7 Rc5 33. Rd1 Nd5
34. Ra1 Nc3 35. Raa7 Ne2+ 36. Kh2 Rxe5 37. Rxf7+ Kh6 38. Rxh7+ Kg5 39. Raf7 Re4
40. g3 e5 41. f3 Nxg3 42. Kxg3 Rf4 43. h4+ Rxh4 44. Rxh4 e4 45. fxe4 b4 46.
Rg4+ Kh6 47. e5 g5 48. Rf6+ Kh5 49. Rf5 Kg6 50. Rgxg5+ Kh6 51. e6 Kh7 52. e7
Kh6 53. e8=Q Kh7 54. Qg8+ Kh6 55. Qh8# 1-0

[Event "BayJEM19 - U14w"]
[Site "?"]
[Date "2019.04.23"]
[Round "2.7"]
[White "Muhina, Liana"]
[Black "Racky, Selina"]
[Result "0-1"]
[WhiteElo "1291"]
[BlackElo "1156"]
[PlyCount "82"]
[EventDate "2019.??.??"]
[WhiteTeam "SC Garching 1980 e.V."]
[BlackTeam "SK Wasserburg"]

1. e4 e5 2. Nf3 Nc6 3. d4 d5 4. Nc3 Bb4 5. Bb5 dxe4 6. Nxe5 Bxc3+ 7. bxc3 Bd7
8. O-O Nxe5 9. Bxd7+ Nxd7 10. Re1 f5 11. f3 Ngf6 12. Bg5 h6 13. Bh4 g5 14. Bg3
f4 15. Bf2 e3 16. Bxe3 fxe3 17. Rxe3+ Kf7 18. d5 Re8 19. Rd3 Ne5 20. Rd4 Qd6
21. Rb1 Ned7 22. c4 Qc5 23. c3 a6 24. Kh1 Nb6 25. Rb4 Re3 26. Qd2 Rae8 27. h3
Qd6 28. Rb1 Qg3 29. Re4 Nxe4 30. fxe4 R8xe4 31. Rf1+ Ke7 32. d6+ cxd6 33. Qf2
Qxf2 34. Rxf2 Nxc4 35. Kh2 Rxc3 36. a4 Rh4 37. Re2+ Kd7 38. Rf2 Ne5 39. Rb2 Kc6
40. a5 Ng4+ 41. Kh1 Rc1# 0-1

[Event "BayJEM19 - U14w"]
[Site "?"]
[Date "2019.04.23"]
[Round "2.8"]
[White "Albayrak, Melissa"]
[Black "Nguyen, Anna Ha Chuc An"]
[Result "1/2-1/2"]
[WhiteElo "1111"]
[BlackElo "1260"]
[PlyCount "106"]
[EventDate "2019.??.??"]
[WhiteTeam "Spvg Zabo-Eintracht Nürnberg e.V"]
[BlackTeam "SC Moosburg 1956 e.V."]

1. e4 e5 2. Nf3 d6 3. Nc3 Bg4 4. Be2 Nf6 5. h3 Bh5 6. O-O Be7 7. d3 O-O 8. Bg5
Nbd7 9. d4 c6 10. Qd2 Bg6 11. Bd3 Qc7 12. Rfe1 Rfe8 13. Rad1 Bf8 14. Re2 d5 15.
Bxf6 gxf6 16. exd5 cxd5 17. Nxd5 Qc6 18. Nc3 exd4 19. Nxd4 Rxe2 20. Bxe2 Qb6
21. Na4 Qd6 22. Nb5 Qxd2 23. Rxd2 Bf5 24. Bg4 Bxg4 25. hxg4 Ne5 26. f3 Bh6 27.
Rd5 Rc8 28. c3 Kg7 29. Nxa7 Be3+ 30. Kf1 Bxa7 31. Rb5 Rc7 32. g5 Ng6 33. gxf6+
Kxf6 34. g4 Rc4 35. Nb6 Bxb6 36. Rxb6+ Rc6 37. Rxb7 Ra6 38. a3 Ne5 39. Rb5 Ke6
40. Ke2 f6 41. Rb4 Kd5 42. Rb5+ Kc6 43. Rb4 Kc5 44. a4 Rb6 45. Rxb6 Kxb6 46. b4
Ka6 47. Ke3 Nd7 48. f4 h6 49. Kd4 Nf8 50. Ke4 Nd7 51. Kd4 Nf8 52. Ke4 Nd7 53.
Kd4 Nf8 1/2-1/2

[Event "BayJEM19 - U14w"]
[Site "?"]
[Date "2019.04.23"]
[Round "2.9"]
[White "Gao, Yina"]
[Black "Wahl, Svenja"]
[Result "1-0"]
[WhiteElo "1228"]
[BlackElo "899"]
[PlyCount "63"]
[EventDate "2019.??.??"]
[WhiteTeam "Schachfreunde Sailauf"]
[BlackTeam "Aschaffenburg- Schweinheim e.V."]

1. d4 d5 2. c4 dxc4 3. e3 Be6 4. Qa4+ c6 5. Nc3 Nd7 6. Nf3 Ngf6 7. Qc2 b5 8. a3
a6 9. g3 Bd5 10. e4 Be6 11. Bg2 Nb6 12. Be3 Ng4 13. Qd2 h6 14. Qe2 Nf6 15. O-O
Nfd7 16. Qc2 g6 17. a4 b4 18. Ne2 a5 19. Nf4 Bg4 20. h3 Bxf3 21. Bxf3 Bg7 22.
e5 b3 23. Qc3 Qc7 24. Rfd1 c5 25. Bxa8 Nxa8 26. Qxc4 cxd4 27. Qxc7 Nxc7 28.
Bxd4 Bxe5 29. Bxe5 Nxe5 30. Rac1 Ne6 31. Rc8+ Nd8 32. Rcxd8# 1-0